LEADER 00960nam0-22003251i-450- 001 990000663770403321 005 20001010 035 $a000066377 035 $aFED01000066377 035 $a(Aleph)000066377FED01 035 $a000066377 100 $a20001010d--------km-y0itay50------ba 101 0 $aita 105 $ay-------001yy 200 1 $aMarche$fEugenia Bevilacqua.- 205 $a. 210 $aTorino$cUTET$d1961. 215 $aX, 418 p.,(6)c.di tav. f.t.,(15) c. geogr.$cill.$d28 cm 225 1 $a<>regioni d'Italia$v10 300 $aCollezione pubblicata sotto gli auspici del Comitato ordinatore della Mostra delle Regioni Italiane. 700 1$aBevilacqua,$bEugenia$f<1919-2002>$0342642 801 0$aIT$bUNINA$gRICA$2UNIMARC 901 $aBK 912 $a990000663770403321 952 $a01 A I 209$b2553$fDINST 952 $a01 GEOG 10$b$fDINST 959 $aDINST 996 $aMarche$9321025 997 $aUNINA DB $aING01